000 01301nam a2200325 a 4500
001 000111152
003 CHAP
005 20220329144200.0
008 141209s2014 mx sm |||||||spa d
010 _a107614
011 _a108586
040 _cCHAP
090 _aTesis
100 1 _aMárquez Diego, José Jesús
_9128956
245 1 0 _aFlupyradifurone para el control de la mosca blanca (Bermicia tabaci Genn.) en el cultivo de calabaza (Curcubita pepo L. Variedad Grey Zucchini Westar) en los Mochis, Sinaloa.
_h[En línea]
_cpor José Jesús Márquez Diego.
260 _aChapingo, Méx. :
_bEl autor,
_c2014.
500 _aPara ver el contenido del material haga clic en la liga
502 _aTesis (Ing. Agr. Esp. en Parasitología Agrícola) -- UACH. Departamento de Parasitología Agrícola
590 _aE11695DGD
_b10
_c20141210
_lUCH01
_h0859
590 _aE5765TAJ
_b05
_c20141209
_lUCH01
_h1301
590 _aE5765TAJ
_b05
_c20141209
_lUCH01
_h1301
590 _aE5765TAJ
_b05
_c20141209
_lUCH01
_h1302
650 1 4 _aCalabaza
_xPlagas.
_917289
650 1 4 _aInsecticidas
_xEfecto en calabaza.
_958862
650 1 4 _aInsecticidas
_xEfecto en plagas.
_958870
856 _aFinding aid
_uhttp://10.13.5.2/tesis/sist111152.pdf
_zTeclea aquí
901 _aBK
942 _cTESIS
942 _n0
999 _c107614
_d107614